|
|
|
|
| LEADER |
00000nas a2200000 a 4500 |
| 001 |
ssj0036200 |
| 003 |
WaSeSS |
| 005 |
20200512172242.0 |
| 006 |
m d |
| 007 |
cr n |
| 008 |
010719c20019999nyumn p s 0 a0eng c |
| 010 |
|
|
|a 2002205577
|
| 022 |
|
|
|l 1540-2215
|y 1540-2215
|
| 035 |
|
|
|a (WaSeSS)ssj0036200
|
| 037 |
|
|
|b Teen Vogue Magazine, 4 Times Square, New York, NY 10036
|
| 040 |
|
|
|a SFR
|b eng
|c SFR
|d JED
|d DLC
|d NSD
|d CUS
|d TXBXL
|d OCLCF
|d T3H
|d OCLCO
|d PX0
|d OCLCQ
|d CD6
|d OCLCQ
|d HCO
|d OCLCO
|d ZAS
|d OCLCO
|d BVI
|d OCLCO
|d ZQP
|d OCLCO
|d WaSeSS
|
| 042 |
|
|
|a pcc
|a nsdp
|
| 050 |
0 |
0 |
|a HQ1229
|b .T42
|
| 210 |
0 |
|
|a Teen Vogue
|
| 222 |
|
0 |
|a Teen Vogue
|
| 245 |
0 |
0 |
|a Teen Vogue
|h [electronic resource].
|
| 260 |
|
|
|a New York, N.Y. :
|b Condé Nast Publications,
|c 2001-
|
| 310 |
|
|
|a Quarterly,
|b <2017->
|
| 321 |
|
|
|a Bimonthly,
|b <Apr./May 2003->
|
| 321 |
|
|
|a Monthly, except for combined issues in Dec./Jan and June/July,
|b <Feb. 2004-2016?>
|
| 362 |
0 |
|
|a Vol. 1, no. 1 (spring 2001)-
|
| 500 |
|
|
|a Title from cover.
|
| 506 |
|
|
|a License restrictions may limit access.
|
| 515 |
|
|
|a A prototype issue was published as a special issue of Vogue fall 2000.
|
| 515 |
|
|
|a Volume 19, no. 1 (2017) also called 2017, Volume 1.
|
| 588 |
|
|
|a Latest issue consulted: Vol. 19, no. 1 (2017) (surrogate).
|
| 650 |
|
0 |
|a Young women
|v Periodicals.
|
| 650 |
|
0 |
|a Teenage girls
|v Periodicals.
|
| 650 |
|
0 |
|a Fashion
|v Periodicals.
|
| 650 |
|
0 |
|a Beauty, Personal
|v Periodicals.
|
| 650 |
|
7 |
|a Beauty, Personal.
|2 fast
|0 (OCoLC)fst00829396
|
| 650 |
|
7 |
|a Fashion.
|2 fast
|0 (OCoLC)fst00921600
|
| 650 |
|
7 |
|a Teenage girls.
|2 fast
|0 (OCoLC)fst01145412
|
| 650 |
|
7 |
|a Young women.
|2 fast
|0 (OCoLC)fst01183301
|
| 655 |
|
0 |
|a Electronic journals.
|
| 787 |
0 |
|
|t Vogue
|x 0042-8000
|w (DLC) 08036997
|w (OCoLC)1769261
|
| 850 |
|
|
|a DLC
|
| 856 |
4 |
0 |
|z Full text available from Research Library: 02/01/2005 to 12/31/2017
|u https://search.proquest.com/publication/26533
|